| 000 | 00864nam a2200217 4500 | ||
|---|---|---|---|
| 001 | 145174 | ||
| 003 | ES-MaACL | ||
| 005 | 20230906201158.0 | ||
| 007 | t| | ||
| 008 | 070214s1946 sz r ||||1| fre d | ||
| 100 | 1 |
_aSottile, Antoine. _9107551 |
|
| 245 | 1 | 4 |
_aLes criminels de guerre et le nouveau droit pénal international, seul moyen efficace pour assurer la paix du monde / _cAntoine Sottile. |
| 250 | _a3ª. ed. revue et augmentée. | ||
| 260 |
_aGeneve : _b[s. n.], _c1946. |
||
| 300 |
_a40 p. ; _c26 cm. |
||
| 490 | 1 | _aProblèmes de criminologie politique, collective et international | |
| 500 | _aExtrait de la `Revue de droit international, de sciences diplomatiques et politiques`. no 4. 1945. | ||
| 830 | 0 |
_aProblèmes de criminologie politique, collective et international _9220738 |
|
| 852 |
_aES-MaACL _j1863-F-32 |
||
| 999 |
_c145174 _d145174 |
||